Science Quiz

Random Science or Math Quiz

Minute Math (Multiplication) Quiz Stats

Quiz Updated Mar 31, 2016

Challenge
Share
Tweet
Embed
Score 0/50 Timer 01:00
37 Plays Today
Problem Solution % Correct
2 x 36
70%
4 x 14
69.9%
2 x 12
69.8%
5 x 315
69.3%
20 x 120
69.2%
3 x 721
69.2%
1 x 8 x 18
68.7%
7 x 214
68.4%
7 x 749
68.3%
8 x 216
68.2%
11 x 111
68.2%
1 x 1 x 22
68%
8 x 0 x 10
67.9%
10 x 660
67.9%
16 x 232
67.8%
4 x 520
67.6%
2 x 48
67.6%
1 x 55
67.4%
12 x 336
67.4%
6 x 424
67.4%
1 x 99
67.3%
2 x 1632
67.2%
3 x 412
67.2%
10 x 550
66.9%
0 x 0.50
66.9%
Problem Solution % Correct
2 x 918
66.6%
8 x 756
66.4%
10 x 110
66.1%
9 x 545
65.9%
100 x 1100
65.9%
2 x 2 x 28
65.9%
9 x 327
65.7%
6 x 848
65.6%
18 x 236
65.6%
1 x 00
65.3%
5 x 840
65.1%
20 x 5100
64.8%
2 x 24
64.7%
4 x 416
64.7%
3 x 824
64.5%
20 x 240
64.1%
3 x 39
64.1%
4 x 312
63.7%
17 x 234
63.6%
15 x 345
63.6%
5 x 525
63.5%
6 x 636
62.9%
10 x 10100
62.8%
9 x 981
61.7%
8 x 864
61.5%

You're not logged in!

Compare scores with friends on all Sporcle quizzes.
Join for Free
OR
Log In

You Might Also Like...

Show Comments

Extras

Top Quizzes Today


Score Distribution

Your Account Isn't Verified!

In order to create a playlist on Sporcle, you need to verify the email address you used during registration. Go to your Sporcle Settings to finish the process.

Report this User

Report this user for behavior that violates our Community Guidelines.

Details: